[Event "Challenge"]
[Site "http://www.queenalice.com/game.php?id=933424"]
[Date "2011.5.3"]
[Round "-"]
[White "David000"]
[Black "theblackfox"]
[Result "1-0"]
[WhiteElo "1994"]
[BlackElo "1967"]

1. e4 e5 2. Nf3 Nc6 3. Bb5 a6 4. Ba4 b5 5. Bb3 a5 6. Bd5 Nf6 7. Bxc6 dxc6 8. d3
Bc5 9. O-O Ng4 10. Qd2 O-O 11. h3 Nf6 12. Nxe5 Re8 13. Nf3 Bb4 14. c3 Bd6 15.
Re1 c5 16. e5 Bxe5 17. Rxe5 Bb7 18. Rxe8+ Qxe8 19. Qd1 Rd8 20. Bg5 h6 21. Bxf6
gxf6 22. Ne1 c4 23. d4 Qe4 24. Qg4+ Qxg4 25. hxg4 b4 26. Nd2 bxc3 27. bxc3 Rd5
28. Rb1 Bc6 29. Rb8+ Kh7 30. Nxc4 f5 31. Ne5 Ba4 32. Rb7 Kg7 33. Nc4 fxg4 34.
Rxc7 Bb5 35. Nxa5 Ba6 36. Nc6 Rf5 37. Nc2 h5 38. c4 h4 39. Ne3 Rg5 40. Ne5 g3
41. f4 Rh5 42. d5 h3 43. d6 h2+ 44. Kh1 Rh6 45. Nf5+ Kh7 46. Rxf7+ Kg8 47. Nxh6+
Kh8 48. Ng6# 1-0

[Event "Let's Play Chess!"]
[Site "http://www.queenalice.com/game.php?id=939356"]
[Date "2011.5.18"]
[Round "-"]
[White "David000"]
[Black "mike52"]
[Result "1-0"]
[WhiteElo "1884"]
[BlackElo "1535"]

1. e4 h5 2. Nf3 d6 3. d4 Bg4 4. Nc3 a6 5. h3 Bxf3 6. Qxf3 f6 7. Be3 c6 8. O-O-O
e5 9. Bc4 Ne7 10. dxe5 Nc8 11. Qf5 Qd7 12. Be6 Qe7 13. exd6 Nxd6 14. Rxd6 Qxd6
15. Qg6+ Kd8 16. Bb6+ Qc7 17. Rd1+ Nd7 18. Bxc7+ Kxc7 19. Rxd7+ Kb6 20. Na4+ Ka5
21. Bb3 b5 22. Nc3 Rh6 23. Qg3 h4 24. Qc7+ Kb4 25. Qb6 Bc5 26. a3# 1-0

[Event "Let's Play Chess!"]
[Site "http://www.queenalice.com/game.php?id=943099"]
[Date "2011.5.27"]
[Round "-"]
[White "David000"]
[Black "fantasmino"]
[Result "1-0"]
[WhiteElo "2056"]
[BlackElo "1360"]

1. e4 e5 2. Nf3 d6 3. Nc3 Bg4 4. Be2 Be7 5. d3 Nf6 6. h3 Be6 7. Ng5 Nc6 8. Nxe6
fxe6 9. Bg5 d5 10. Bxf6 Bxf6 11. Bg4 Nd4 12. Bxe6 Nxe6 13. Nxd5 Nf4 14. Nxf6+
Qxf6 15. Qf3 O-O-O 16. O-O-O Rhf8 17. Kb1 Qb6 18. Qg4+ Rd7 19. Rdf1 g6 20. a3 h5
21. Qg5 Qe6 22. Qg3 Ne2 23. Qe3 Nd4 24. c3 Nc6 25. Rd1 Rdf7 26. Rd2 b6 27. f3
Na5 28. b4 Nc6 29. Kb2 Rf6 30. Rc1 a5 31. b5 Na7 32. a4 Rf4 33. d4 Qc4 34. Ra1
c6 35. bxc6 Nxc6 36. d5 Nb8 37. Qxb6 R8f6 38. Qxa5 Ra6 39. Qb5 Qxb5+ 40. axb5
Rxa1 41. Kxa1 g5 42. c4 Nd7 43. c5 Kc7 44. d6+ Kd8 45. c6 Nb6 46. Ra2 Rf7 47.
Ra6 Nc8 48. b6 Nxd6 49. Ra8+ Ke7 50. b7 Rf8 51. Rxf8 Kxf8 52. b8=Q+ Ke7 53. Qc7+
Ke6 54. Qd7+ 1-0

[Event "Challenge"]
[Site "http://www.queenalice.com/game.php?id=943541"]
[Date "2011.5.28"]
[Round "-"]
[White "mike52"]
[Black "David000"]
[Result "0-1"]
[WhiteElo "1503"]
[BlackElo "1901"]

1. b4 e5 2. b5 c6 3. a4 Nf6 4. e3 Bb4 5. c3 Ba5 6. bxc6 dxc6 7. h3 Be6 8. g4 O-O
9. Ba3 Re8 10. Nf3 Nbd7 11. Ng5 Nd5 12. Nxe6 Rxe6 13. Bc4 Re8 14. Bxd5 cxd5 15.
O-O Qh4 16. Qf3 e4 17. Qf5 Ne5 18. Bb2 Qxh3 19. c4 Nf3+ 20. Qxf3 exf3 0-1

[Event "Challenge"]
[Site "http://www.queenalice.com/game.php?id=949555"]
[Date "2011.6.14"]
[Round "-"]
[White "ZUMBI"]
[Black "David000"]
[Result "0-1"]
[WhiteElo "2072"]
[BlackElo "1985"]

1. e4 e5 2. Nf3 d6 3. d4 Bg4 4. dxe5 dxe5 5. Qxd8+ Kxd8 6. Bg5+ f6 7. Bh4 Bd6 8.
Nc3 Nc6 9. O-O-O Nd4 10. h3 Nxf3 11. hxg4 Nxh4 12. Rxh4 Ne7 13. Nb5 Nc8 14. a4
a6 15. Nc3 Ke7 16. Nd5+ Kd7 17. a5 Na7 18. g3 Nb5 19. c4 Nd4 20. f4 c6 21. Nb6+
Kc7 22. f5 Rad8 23. Rd3 Bb4 24. c5 Bxc5 25. Nc4 h6 26. Rh2 Nb5 27. Rxd8 Rxd8 28.
Be2 Rd4 29. b3 Rxe4 30. Bf3 Re1+ 31. Kd2 Ra1 32. Kc2 Ra2+ 33. Nb2 Bd4 34. Kb1
Nc3+ 35. Kc1 Rxa5 36. Nc4 Ra1+ 37. Kc2 Ra2+ 38. Nb2 Ne4 39. Kd3 Nc5+ 40. Kc4 Kd6
41. b4 Na4 42. Kb3 Rxb2+ 43. Kxa4 Rxh2 44. b5 axb5+ 45. Kb4 Rb2+ 46. Ka3 b4+ 47.
Ka4 Rb1 48. g5 b3 49. Be4 Rb2 50. Ka3 fxg5 51. g4 b6 52. f6 gxf6 53. Bg6 c5 54.
Bf7 e4 55. Bxb3 b5 56. Bg8 e3 57. Bf7 e2 58. Be8 e1=Q 59. Bxb5 Qb4# 0-1

[Event "Challenge"]
[Site "http://www.queenalice.com/game.php?id=949556"]
[Date "2011.6.14"]
[Round "-"]
[White "David000"]
[Black "ZUMBI"]
[Result "1-0"]
[WhiteElo "1955"]
[BlackElo "2072"]

1. e4 e5 2. Nf3 Nc6 3. Bb5 Nf6 4. d3 Nd4 5. Nxd4 exd4 6. Bg5 h6 7. Bh4 g5 8. Bg3
Bb4+ 9. Nd2 a6 10. Bc4 b5 11. Bb3 h5 12. Be5 d6 13. Bxd4 c5 14. c3 Ba5 15. Bxf6
Qxf6 16. Qf3 Qe5 17. h3 Be6 18. Bxe6 Qxe6 19. O-O b4 20. Nc4 Bc7 21. e5 Rd8 22.
exd6 Bxd6 23. Rfe1 g4 24. Rxe6+ fxe6 25. Qf6 Kd7 26. Re1 Rde8 27. Nxd6 Kxd6 28.
Rxe6+ Rxe6 29. Qxh8 bxc3 30. Qxc3 gxh3 31. gxh3 Kd5 32. Qc4+ Ke5 33. Qxc5+ Kf6
34. Qxh5 Re5 35. Qh6+ Kf5 36. Qxa6 Re1+ 37. Kg2 Re2 38. Qb5+ Ke6 39. d4 Kf6 40.
Qxe2 Kf5 41. Qe5+ Kg6 42. d5 Kf7 43. Qe6+ Kf8 44. d6 Kg7 45. d7 Kf8 46. d8=Q+
Kg7 47. Qdg8# 1-0

[Event "Brazil Chess in Mind"]
[Site "http://www.queenalice.com/game.php?id=956283"]
[Date "2011.7.3"]
[Round "-"]
[White "David000"]
[Black "PitBullLoko"]
[Result "1-0"]
[WhiteElo "2056"]
[BlackElo "1559"]

1. e4 e5 2. Nf3 Nc6 3. Bb5 a6 4. Bxc6 bxc6 5. d3 d5 6. Nc3 Qe7 7. O-O dxe4 8.
Nxe4 g6 9. Be3 Bb7 10. Bc5 Qd7 11. Bxf8 Ne7 12. Bxe7 Qxe7 13. Qd2 f5 14. Qg5 Qb4
15. b3 h6 16. Qxg6+ Kf8 17. Qxf5+ Ke8 18. Nf6+ Kf8 19. Nd5+ Kg7 20. Nxb4 c5 21.
Qxe5+ Kg6 22. Nh4+ Kh7 23. Qxc7+ Kg8 24. Qxb7 1-0

[Event "Let's Play Chess!"]
[Site "http://www.queenalice.com/game.php?id=956284"]
[Date "2011.7.3"]
[Round "-"]
[White "David000"]
[Black "Enzo1945"]
[Result "1-0"]
[WhiteElo "2003"]
[BlackElo "1309"]

1. e4 e5 2. Nf3 Nf6 3. Bb5 Nc6 4. Bxc6 dxc6 5. d3 Bd6 6. Nc3 Be6 7. Ng5 Qe7 8.
Nxe6 Qxe6 9. Qf3 O-O-O 10. Be3 b6 11. O-O Kb8 12. Bg5 h6 13. Bxf6 Qxf6 14. Qxf6
gxf6 15. Ne2 Rhg8 16. f4 Rg7 17. f5 Bc5+ 18. Kh1 Be3 19. Rf3 Bg5 20. Rg3 c5 21.
h4 Rh7 22. hxg5 hxg5+ 23. Rh3 Rdh8 24. Rxh7 Rxh7+ 25. Kg1 Rh4 26. g3 Rg4 27. Kg2
b5 28. Kf3 Rxg3+ 29. Nxg3 b4 30. Nh5 c6 31. Nxf6 Kc7 32. Rg1 Kd6 33. Rxg5 a5 34.
Rg8 Ke7 35. Nh7 f6 36. Ra8 Kf7 37. Nf8 a4 38. Ne6 Ke7 39. Nxc5 Kd6 40. Nxa4 c5
41. Ra6+ Kc7 42. Rxf6 Kd7 43. Re6 Kc7 44. f6 Kd7 45. Nxc5+ Kc8 46. f7 1-0

[Event "Challenge"]
[Site "http://www.queenalice.com/game.php?id=963094"]
[Date "2011.7.21"]
[Round "-"]
[White "David000"]
[Black "KLEOJ"]
[Result "0-1"]
[WhiteElo "2056"]
[BlackElo "2111"]

1. e4 e6 2. d4 d5 3. e5 c5 4. Bb5+ Bd7 5. Bxd7+ Nxd7 6. c3 f6 7. exf6 Ngxf6 8.
Nf3 Bd6 9. h3 O-O 10. Be3 cxd4 11. Nxd4 Qe8 12. Nd2 e5 13. Nb5 Bb8 14. Nf3 a6
15. Na3 Qg6 16. Bg5 e4 17. Bxf6 Nxf6 18. Nd4 Qxg2 19. Ke2 e3 20. Qg1 Qxf2+ 21.
Qxf2 exf2 22. Kxf2 Ne4+ 23. Ke2 Rf2+ 24. Ke3 Bf4+ 25. Kd3 Rd2# 0-1

[Event "Challenge"]
[Site "http://www.queenalice.com/game.php?id=986270"]
[Date "2011.9.17"]
[Round "-"]
[White "Knight1"]
[Black "David000"]
[Result "1-0"]
[WhiteElo "2014"]
[BlackElo "1998"]

1. d4 d6 2. e4 e5 3. Nf3 exd4 4. Nxd4 Nf6 5. Nc3 Bd7 6. Bc4 Nc6 7. Nxc6 Bxc6 8.
O-O Qe7 9. Re1 O-O-O 10. Nd5 Bxd5 11. exd5 Qd7 12. Qd4 Kb8 13. Bg5 Be7 14. Be3
b6 15. Bd2 Rde8 16. Qd3 Bd8 17. Bb5 Rxe1+ 18. Rxe1 Qg4 19. Bc6 Qc8 20. Bc3 h5
21. h3 Rg8 22. Qf3 Rh8 23. b3 Rf8 24. a4 Rh8 25. a5 Qa6 26. axb6 axb6 27. Ra1
1-0

[Event "Let's Play Chess!"]
[Site "http://www.queenalice.com/game.php?id=990616"]
[Date "2011.9.29"]
[Round "-"]
[White "David000"]
[Black "HelderNanques"]
[Result "0-1"]
[WhiteElo "1968"]
[BlackElo "2213"]

1. e4 e5 2. Nf3 d6 3. d4 Bg4 4. Be2 Nd7 5. h3 Bh5 6. d5 Bxf3 7. Bxf3 g6 8. Be3
Bg7 9. Nc3 Ne7 10. Bg4 f5 11. exf5 gxf5 12. Bh5+ Ng6 13. Bxg6+ hxg6 14. f4 Qh4+
15. Bf2 Qxf4 16. Rf1 Qg5 17. g3 Rxh3 18. Qe2 Bh6 19. Rg1 Rh2 20. Qb5 Qd2+ 0-1

[Event "Let's Play Chess!"]
[Site "http://www.queenalice.com/game.php?id=991580"]
[Date "2011.9.30"]
[Round "-"]
[White "David000"]
[Black "adelio"]
[Result "1-0"]
[WhiteElo "1980"]
[BlackElo "1660"]

1. e4 e5 2. Nf3 d6 3. d4 Qe7 4. d5 a6 5. Nc3 b5 6. Bd3 h6 7. O-O Bg4 8. Be3 Nd7
9. Be2 Bxf3 10. Bxf3 Ngf6 11. a3 g5 12. Bg4 Bg7 13. Bxd7+ Nxd7 14. Ne2 Nf6 15.
f3 Nh5 16. g4 Nf4 17. Ng3 h5 18. Nf5 Qf6 19. Bxf4 gxf4 20. h3 hxg4 21. hxg4 Qg5
22. Kg2 Kd7 23. Qd3 Rag8 24. Rh1 Bf6 25. Qc3 Qxg4+ 26. fxg4 Rxg4+ 27. Kf3 Rhg8
28. Qc6+ Kd8 29. Qxa6 Rh4 30. Nxh4 Bxh4 31. Rag1 Bg3 32. Qa8+ Ke7 33. Qxg8 b4
34. Rh7 bxa3 35. Rxf7# 1-0

[Event "Challenge"]
[Site "http://www.queenalice.com/game.php?id=992730"]
[Date "2011.10.2"]
[Round "-"]
[White "albemo"]
[Black "David000"]
[Result "0-1"]
[WhiteElo "1899"]
[BlackElo "1957"]

1. Nf3 Nc6 2. d4 d5 3. c4 dxc4 4. Nc3 Bg4 5. e3 Nf6 6. Be2 e6 7. O-O Bb4 8. Qc2
Bxc3 9. bxc3 Qd5 10. Rb1 Na5 11. Ba3 b6 12. Rb5 Qxb5 0-1

[Event "OS INCLIVEIS"]
[Site "http://www.queenalice.com/game.php?id=993269"]
[Date "2011.10.4"]
[Round "-"]
[White "adelio"]
[Black "David000"]
[Result "1/2-1/2"]
[WhiteElo "1706"]
[BlackElo "2014"]

1. e4 e5 2. Nf3 Nc6 3. a3 d5 4. Qe2 d4 5. h3 Nf6 6. d3 Be7 7. g4 h6 8. Bg2 Nh7
9. O-O Ng5 10. Bxg5 Bxg5 11. Nxg5 Qxg5 12. Nd2 Be6 13. Nf3 Qe7 14. c4 dxc3 15.
bxc3 Qc5 16. c4 Nd4 17. Nxd4 Qxd4 18. Rab1 O-O-O 19. Qc2 Qxd3 20. Qa4 a6 21.
Rxb7 Kxb7 22. Qb4+ Ka7 23. Rb1 Rb8 24. Qc5+ Ka8 25. Qc6+ Ka7 26. Qxc7+ Ka8 27.
Qc6+ Ka7 28. Rb4 Rxb4 29. axb4 Qxc4 30. Qa4 Qb5 31. Qa3 Rb8 32. Bf1 Bc4 33. Qe3+
Rb6 34. Bg2 Qxb4 35. f4 Qb3 36. Qf2 f6 37. g5 Qd1+ 38. Kh2 Qd6 39. gxf6 Qxf6 40.
f5 Qg5 41. Qc5 Qf4+ 42. Kh1 Qc1+ 43. Kh2 Qc3 44. Qc7+ Rb7 45. Qc5+ Rb6 46. Qe7+
Rb7 47. Qc5+ Rb6 1/2-1/2

[Event "Cebolinha's Game"]
[Site "http://www.queenalice.com/game.php?id=993270"]
[Date "2011.10.4"]
[Round "-"]
[White "David000"]
[Black "adelio"]
[Result "1-0"]
[WhiteElo "1997"]
[BlackElo "1713"]

1. e4 e5 2. Nf3 d6 3. Bb5+ c6 4. Ba4 b5 5. Bb3 c5 6. d3 h6 7. Nc3 a6 8. Nd5 Bg4
9. h3 Bxf3 10. Qxf3 Ra7 11. c4 g6 12. Bd2 Bg7 13. O-O Nd7 14. a3 Ndf6 15. cxb5
axb5 16. a4 b4 17. Bc4 Ne7 18. Nxf6+ Kf8 19. Nh7+ Kg8 20. Nf6+ Kf8 21. Nh7+ Ke8
22. Bb5+ Qd7 23. Bxd7+ Kxd7 24. Nf6+ Kd8 25. b3 g5 26. Nh5 Bf8 27. Qxf7 Rc7 28.
Nf6 Kc8 29. Qe6+ Kb7 30. Qxd6 Rc6 31. Qd7+ Ka8 32. Nd5 Nxd5 33. Qxd5 Kb7 34. Be3
Bd6 35. Rac1 Rc8 36. Rc4 Kb6 37. g3 R8c7 38. f4 gxf4 39. gxf4 Rg7+ 40. Kh2 exf4
41. Bxf4 Bxf4+ 42. Rxf4 Rgc7 43. d4 Rc8 44. dxc5+ Ka5 45. e5 Ka6 46. Rf6 Kb7 47.
Rxc6 Rxc6 48. Qd7+ Ka6 49. Qxc6+ Ka7 50. Qd6 Ka8 51. Rxb4 Ka7 52. Qb6+ Ka8 53.
Qb7# 1-0

[Event "Challenge"]
[Site "http://www.queenalice.com/game.php?id=1049461"]
[Date "2012.4.16"]
[Round "-"]
[White "mike52"]
[Black "David000"]
[Result "0-1"]
[WhiteElo "1415"]
[BlackElo "2003"]

1. e4 e5 2. d3 Nf6 3. a3 d5 4. Bg5 d4 5. Bxf6 Qxf6 6. f3 Nc6 7. b4 Be6 8. Ne2
Bd6 9. h3 Ne7 10. Ng3 c5 11. Nh5 Qh4+ 12. Ke2 Qxh5 13. g4 Qg5 14. h4 Qe3# 0-1

[Event "Let's Play Chess!"]
[Site "http://www.queenalice.com/game.php?id=1056672"]
[Date "2012.5.6"]
[Round "-"]
[White "David000"]
[Black "snarethetrap"]
[Result "0-1"]
[WhiteElo "2003"]
[BlackElo "1871"]

1. e4 c6 2. d4 d5 3. Nc3 dxe4 4. Nxe4 Bf5 5. Ng3 Bg6 6. Nf3 Nd7 7. Bd3 Ngf6 8.
Bxg6 hxg6 9. O-O Qc7 10. Be3 e6 11. Qd2 Bd6 12. c4 O-O-O 13. Ng5 Bxg3 14. fxg3
Rdf8 15. Bf4 e5 16. dxe5 Ng4 17. e6 Qb6+ 18. Kh1 Rxh2# 0-1

[Event "Let's Play Chess!"]
[Site "http://www.queenalice.com/game.php?id=1056673"]
[Date "2012.5.6"]
[Round "-"]
[White "David000"]
[Black "goreb83"]
[Result "0-1"]
[WhiteElo "1997"]
[BlackElo "2018"]

1. e4 c5 2. Nc3 Nc6 3. Bb5 Nd4 4. Nf3 a6 5. Be2 Nxe2 6. Qxe2 d6 7. d3 Bg4 8. h3
Bh5 9. g4 Bg6 10. Nh4 e6 11. Nxg6 hxg6 12. Be3 b5 13. Qd2 Nf6 14. Bg5 Be7 15.
Bxf6 Bxf6 16. O-O-O Qa5 17. Kb1 g5 18. Ne2 b4 19. f4 gxf4 20. Qxf4 Be5 21. Qd2
Qb6 22. Ng1 Bf6 23. Nf3 a5 24. d4 c4 25. c3 Rb8 26. Rhe1 O-O 27. h4 d5 28. e5
bxc3 29. Qxc3 Be7 30. a3 Qa7 31. g5 Rb3 32. Qxb3 cxb3 33. Rd3 a4 34. Red1 Rc8
35. R3d2 Rc4 36. Rg2 Qc7 37. Ne1 Bd8 38. h5 Qa5 39. Nf3 Qc7 40. Ne1 Kh7 41. h6
gxh6 42. gxh6 Bh4 43. Rg7+ Kxh6 44. Rg4 Kh5 45. Rg2 Bxe1 46. Rxe1 Rxd4 47. Rc1
Qxe5 48. Ka1 Rc4 49. Rb1 Qe3 50. Rh1+ Rh4 51. Rhg1 f6 52. Rg8 Qh6 53. Ra8 e5 54.
Rag8 d4 55. Rd8 f5 56. Rf1 Qf6 57. Rd7 Kg4 58. Rc7 e4 59. Rg1+ Kf3 60. Rf1+ Kg2
61. Rcc1 d3 62. Rg1+ Kf2 63. Rcf1+ Ke3 64. Rg2 Kd4 65. Rfg1 e3 66. Rg8 d2 67.
Re8 Kd3 68. Ra8 Rc4 0-1

[Event "Challenge"]
[Site "http://www.queenalice.com/game.php?id=1058695"]
[Date "2012.5.12"]
[Round "-"]
[White "jujuju"]
[Black "David000"]
[Result "0-1"]
[WhiteElo "2010"]
[BlackElo "1979"]

1. d4 Nc6 2. Nc3 d5 3. Bf4 a6 4. Nf3 Bg4 5. h3 Bxf3 6. gxf3 e6 7. Bg2 Bd6 8.
Bxd6 Qxd6 9. e3 Nf6 10. a4 Qb4 11. Qd2 O-O 12. O-O-O Na5 13. b3 b5 14. axb5 Nc4
15. bxc4 Qa3+ 16. Kb1 axb5 17. Na4 Rfb8 18. c3 bxc4+ 19. Kc2 Qa2+ 0-1